La neuropsychologie : Approche cognitive des syndromes cliniques (notice n° 1567646)
[ vue normale ]
| 000 -LEADER | |
|---|---|
| fixed length control field | 01528cam a2200133 4500500 |
| 005 - DATE AND TIME OF LATEST TRANSACTION | |
| control field | 20251214003238.0 |
| 041 ## - LANGUAGE CODE | |
| Language code of text/sound track or separate title | fre |
| 042 ## - AUTHENTICATION CODE | |
| Authentication code | dc |
| 100 10 - MAIN ENTRY--PERSONAL NAME | |
| Personal name | Sieroff, Éric |
| Relator term | author |
| 245 00 - TITLE STATEMENT | |
| Title | La neuropsychologie : Approche cognitive des syndromes cliniques |
| 260 ## - PUBLICATION, DISTRIBUTION, ETC. | |
| Name of publisher, distributor, etc. | Armand Colin,<br/> |
| Date of publication, distribution, etc. | 2009.<br/> |
| 520 ## - SUMMARY, ETC. | |
| Summary, etc. | La neuropsychologie est l’étude des conséquences des lésions cérébrales sur la cognition. Elle bénéficie des nouvelles théories cognitives qui permettent de mieux diagnostiquer les déficits (syndromes cliniques) que présentent les patients. Ces déficits portent sur la perception, notamment visuelle, les gestes élaborés, le langage (oral et écrit), la mémoire ou encore l’attention et les fonctions exécutives. Cet ouvrage présente les syndromes neuropsychologiques en donnant leur sémiologie clinique, leur lien avec l’anatomie cérébrale et, surtout, les différentes explications cognitives, qui sont évaluées et discutées. Les principaux modèles de la neuropsychologie cognitive sont ainsi décrits et expliqués. Intégrant les apports récents de la discipline, cette deuxième édition renforce l’aspect pédagogique de l’ouvrage, notamment par l’adjonction d’un glossaire. Les étudiants qui découvrent la discipline et toutes les personnes qui s’y intéressent trouveront ici les connaissances nécessaires pour comprendre la neuropsychologie cognitive. |
| 856 41 - ELECTRONIC LOCATION AND ACCESS | |
| Uniform Resource Identifier | <a href="https://shs.cairn.info/la-neuropsychologie--9782200355784?lang=fr&redirect-ssocas=7080">https://shs.cairn.info/la-neuropsychologie--9782200355784?lang=fr&redirect-ssocas=7080</a> |
Pas d'exemplaire disponible.




Réseaux sociaux